00460nam a2200181Ia 450000500170000000800410001702000160005804000190007404100120009308200160010524500520012126000270017330000120020065000260021265100120023870000180025085000100026820231107112721.0131103s9999 xx 000 0 und d aSBN:8185304 aLoreto College aEnglish a793.73bDUN aDunlop cricket quizcTiger Pataudi .... [et al] aNew DelhibUBSPDc1992 a153 p.  aQuestions and Answers aQuizzes aPataudi,Tiger aLCLIB